000 02480cam a2200277zu 4500
001 10139844
003 FRCYB10139844
005 20251020123528.0
006 m o d
007 cr un
008 251020s2005 fr | o|||||0|0|||fre d
020 _a9782711775590
035 _aFRCYB10139844
040 _aFR-PaCSA
_bfr
_c
_erda
100 1 _aMartory, Bernard
245 0 1 _aContrôle de gestion sociale : salaires, masse salariale, effectifs, compétences, performances 5ème édition
_c['Martory, Bernard']
264 1 _bVuibert
_c2005
300 _a p.
336 _btxt
_2rdacontent
337 _bc
_2rdamdedia
338 _bc
_2rdacarrier
650 0 _a
700 0 _aMartory, Bernard
856 4 0 _2Cyberlibris
_uhttps://international.scholarvox.com/netsen/book/10139844
_qtext/html
_a
520 _aLes rapports des hommes avec le travail, les formes d'organisation de la production, les modalités des rapports professionnels ont subi de profondes transformations. Ces mutations exigent de nouvelles formes du pilotage et du contrôle. Comment les concevoir ? Comment les mettre en œuvre, en développant notamment les pratiques du contrôle social ? Autant d'interrogations auxquelles ont tenté de répondre les entreprises qui ont affronté précocement ces changements et dont l'extension s'impose maintenant au plus grand nombre. Cette 5e édition de Contrôle de gestion sociale résulte en large partie de travaux de terrain, ou plus fondamentaux, conduits avec de nombreux responsables financiers, du contrôle et des ressources humaines. Il restitue de façon synthétique des expériences et formule des principes plus généraux concernant : le pilotage des systèmes de rémunération ; l'analyse et la gestion de la masse salariale ; la mesure et le développement des performances sociales ; l'élaboration des budgets de frais de personnel ; la gestion stratégique des effectifs et des compétences ; la mise sous processus des activités ressources humaines ; la création et le pilotage de la " valeur ajoutée sociale " dans les entreprises contemporaines. Les étudiants et responsables d'entreprise en finance, contrôle, gestion des ressources humaines, contrôle de gestion sociale, puiseront dans ces approches transversales de nombreux cas et exemples illustrant le propos et permettant de cerner la nature de leurs métiers dans le cadre de la mise en œuvre de systèmes de gestion de " troisième type ".
999 _c1554545
_d1554545